Ships of the Civil War, 1861-1865 : (Record no. 418)

MARC details
000 -LEADER
fixed length control field 01648cam a2200409 i 4500
005 - DATE AND TIME OF LATEST TRANSACTION
control field 20260322212019.0
008 - FIXED-LENGTH DATA ELEMENTS--GENERAL INFORMATION
fixed length control field data
010 ## - LIBRARY OF CONGRESS CONTROL NUMBER
LC control number 2013474419
020 ## - INTERNATIONAL STANDARD BOOK NUMBER
International Standard Book Number 9781435145924
020 ## - INTERNATIONAL STANDARD BOOK NUMBER
International Standard Book Number 1435145925
040 ## - CATALOGING SOURCE
Original cataloging agency DLC
Language of cataloging eng
Transcribing agency DLC
Description conventions rda
Modifying agency DLC
042 ## - AUTHENTICATION CODE
Authentication code pcc
043 ## - GEOGRAPHIC AREA CODE
Geographic area code n-usu--
-- n-usu--
050 00 - LIBRARY OF CONGRESS CALL NUMBER
Classification number E591
Item number .D658 2013
082 00 - DEWEY DECIMAL CLASSIFICATION NUMBER
Classification number 973.7/5
Edition information 23
092 ## - LOCALLY ASSIGNED DEWEY CALL NUMBER (OCLC)
Classification number 973.7 D658 2013
001 - CONTROL NUMBER
control field data
100 1# - MAIN ENTRY--PERSONAL NAME
Personal name Dougherty, Kevin
245 10 - TITLE STATEMENT
Title Ships of the Civil War, 1861-1865 :
Remainder of title an illustrated guide to the fighting vessels of the Union and the Confederacy /
Statement of responsibility, etc. Kevin Dougherty.
250 ## - EDITION STATEMENT
Edition statement 2013 edition.
264 #1 - PRODUCTION, PUBLICATION, DISTRIBUTION, MANUFACTURE, AND COPYRIGHT NOTICE
Place of production, publication, distribution, manufacture New York :
Name of producer, publisher, distributor, manufacturer Metro Books,
Date of production, publication, distribution, manufacture, or copyright notice 2013.
300 ## - PHYSICAL DESCRIPTION
Extent 224 pages :
Other physical details illustrations ;
Dimensions 22 x 30 cm
336 ## - CONTENT TYPE
Content type term text
Source rdacontent
337 ## - MEDIA TYPE
Media type term unmediated
Source rdamedia
338 ## - CARRIER TYPE
Carrier type term volume
Source rdacarrier
504 ## - BIBLIOGRAPHY, ETC. NOTE
Bibliography, etc. note Includes bibliographical references (page 220) and indexes.
610 10 - SUBJECT ADDED ENTRY--CORPORATE NAME
Corporate name or jurisdiction name as entry element United States.
Subordinate unit Navy
Form subdivision Lists of vessels.
610 10 - SUBJECT ADDED ENTRY--CORPORATE NAME
Corporate name or jurisdiction name as entry element Confederate States of America.
Subordinate unit Navy
Form subdivision Lists of vessels.
650 #0 - SUBJECT ADDED ENTRY--TOPICAL TERM
Topical term or geographic name entry element Warships
Geographic subdivision United States
General subdivision History
Chronological subdivision 19th century.
650 #0 - SUBJECT ADDED ENTRY--TOPICAL TERM
Topical term or geographic name entry element Warships
Geographic subdivision Confederate States of America.
651 #0 - SUBJECT ADDED ENTRY--GEOGRAPHIC NAME
Geographic name United States
General subdivision Naval operations.
Chronological subdivision Civil War, 1861-1865
General subdivision Naval operations.
651 #0 - SUBJECT ADDED ENTRY--GEOGRAPHIC NAME
Geographic name United States
General subdivision Naval operations, Confederate.
Chronological subdivision Civil War, 1861-1865
General subdivision Naval operations, Confederate.
906 ## - LOCAL DATA ELEMENT F, LDF (RLIN)
a 7
b cbc
c orignew
d 2
e ncip
f 20
g y-gencatlg
925 0# -
-- acquire
-- 2 shelf copies
-- policy default
955 ## - COPY-LEVEL INFORMATION (RLIN)
-- rf13 2013-11-07 c. 2 to CALM
-- rf13 2013-11-07 c. 2 to CALM
-- xl06 2 014-01-07
991 ## -
-- r-MRR
-- E591
-- .D658 2013
-- Copy 1
-- Alc
-- GenBib
Holdings
Withdrawn status Lost status Damaged status Not for loan Home library Current library Shelving location Date acquired Total checkouts Full call number Barcode Date last seen Price effective from Koha item type
        Franklin Franklin General stacks 22/03/2026   973.7/5 23 BC0010428 22/03/2026 22/03/2026 Books